00894nam a2200253 i 4500001001000000003000900010005001700019007000300036008004100039020001800080040003000098041000800128082001700136100005000153245010300203264004800306300002800354336002700382337003300409338002800442500005700470500007300527504004000600000044640DO-SdBNP20251118132526.0ta141210s2014 dr 000 0 spa d a9789945492378 aDO-SdBNPbspacBNPHUerda aspa axxxbxxx2221 aCarreras Aguilera, Pedro,d1954-eautor4aut.10aUna centuria tocando acordeón :bde Ñico Lora a Tatico Henríquez /cPedro Carreras Aguilera. 4aSanto Domingo :bEditora Nacional,c©2014. a134 páginas ;c23 cm. atextobtxt2rdacontent asin mediaciónbn2rdamedia avolumenbnc2rdacarrier aIncluye datos biográficos del autor en las solapas aIncluye referencias bibliográficas y notas al pie de las páginas aBibliografías : páginas 131-134